| 000 | 00736nam a2200217 i 4500 | ||
|---|---|---|---|
| 001 | 132100 | ||
| 003 | ES-MaACL | ||
| 005 | 20251116063107.0 | ||
| 007 | t| | ||
| 008 | 070214s1966 mx |||| | spa d | ||
| 080 | _a821.134.2-21"15" | ||
| 100 | 1 |
_aRojas, Fernando de, _dca. 1470-1541 _999042 |
|
| 240 | 1 | 3 | _aLa Celestina |
| 245 | 1 | 3 |
_aLa Celestina _b: tragicomedia de Calisto y Melibea / _cFernando de Rojas ; adaptación a la escena en tres actos de Álvaro Custodio. |
| 260 |
_aMéxico : _bTeatro Clásico de México, _c1966. |
||
| 300 |
_a133 p., 4 lám. ; _c19 cm. |
||
| 700 | 1 |
_aCustodio, Alvaro. _942279 |
|
| 710 | 2 |
_aTeatro Clásico de México. _96916 |
|
| 852 |
_aES-MaACL _jC-56659 |
||
| 999 |
_c132100 _d132100 |
||